00588nam a2200157 a 450000100100000000500170001000800410002704000250006808200140009310000360010724501120014326000440025530000280029950000620032750400410038900001718420250124114731.0100319s2003 dr a 000 0 spa d aDO-SdBNPbspacBNPHU axxxbM4831 aMoreno Ceballos, Nelson,d1946-10aMétodo integral para modificar actitudes y mantener la disciplina en el aula :bNelson Moreno - Ceballos. aSanto Domingo :bPlan - Indesui,c2003. a115 p. :bil. ;c18 cm. aIncluye datos biográficos del autor en la páginas 115 aIncluye bibliografías [p. 112-114]